Statistiken für Länder, die bei der PDC Darts WM 2024 vertreten sind

Klicken Sie hier um das Quiz zu spielen!

Allgemein

  • Dieses Quiz wurde 211 mal gespielt
  • Das Durchschnittsergebnis liegt bei 21 aus 27

Antwortstatistiken

AnzahlLand% Korrekt
5Deutschland
100%
29England
99%
12Niederlande
97%
3Schottland
96%
3Wales
95%
1Österreich
93%
4Irland
92%
4Belgien
91%
3USA
91%
1Frankreich
89%
3Japan
89%
2Kanada
88%
3Australien
87%
4Nordirland
87%
3Polen
86%
1China
84%
1Portugal
83%
1Schweden
82%
2Neuseeland
71%
1Finnland
66%
1Lettland
64%
1Kroatien
63%
1Südafrika
62%
1Indien
59%
4Philippinen
55%
1Hongkong
45%
1Guyana
25%

Verteilung der Resultate

Perzentil nach korrekt beantworteten Fragen

Anzahl Personen mit jedem Resultat

Ihre Resultats-Entwicklung

Sie haben dieses Quiz noch nicht gespielt